History Quiz

Random History or Clickable Quiz

HCHS Pre-Columbian Indian Tribes (Southwest US) Quiz Stats

 Plays Quiz not verified by Sporcle

Score 0/10 Timer 10:00
0 Plays Today
% Correct
Popé's Rebellion
89.1%
Chaco Canyon
74%
Anasazi
73%
Mesa Verde
70.4%
Clovis
67%
Basketmaker Culture
55.6%
Folsom
54%
Mogollon
50%
Hohokam
43%
Patayan
43%

You're not logged in!

Compare scores with friends on all Sporcle quizzes.
OR
Log In

Sporcle TV

Today on Sporcle TV


Watch our educational content, quiz creation guides, and fun videos on Sporcle TV.

Show Comments

Extras

Top Quizzes Today


Score Distribution

Your Account Isn't Verified!

In order to create a playlist on Sporcle, you need to verify the email address you used during registration. Go to your Sporcle Settings to finish the process.

Report this User

Report this user for behavior that violates our Community Guidelines.

Details: